00495nam a22001697a 450000500170000001000150001702000260003203500140005803700130007208200110008510000160009624500720011226000350018427000650021930000210028450000200030520200106171028.0 aENG-127276 a9788170949916c795.00 aEN-110808 bDBAD/PUB a808.88 aVerma, K.D. aUnderstanding Mulk Raj Anand :cby K.D. Verma bHis mind and art /  aNew DelhibVision Books c2017 a24 Feroze Gandhi Road, Lajpat Nagar-III,bNew Delhi e110024 a260p.c23cm(Hb)  aIncludes index